000 00833nam a2200205Ia 4500
003 OSt
005 20241113110013.0
007 ca aa aaaaa
008 201103s9999 xx 000 0 und d
040 _cSSBUL
041 _abur
082 _223
_a၂၉၄.၃၄၄၃၅ သန်း
_b၉၀၈၁ S-SAT
100 0 _aသန်းဖေ၊ ဦး၊ တိုးတက်ရေး-
_917280
245 1 0 _aလေးပါးကျင့်စဉ်နိဗ္ဗာန်ဝင် /
_cတိုးတက်ရေးဦးသန်းဖေ။
260 _aရန်ကုန် ၊
_b‌‌ငွေဆဒ္ဒန်စာပေ၊
_c၁၉၇၉။
300 _a၅၀၀ စာမျက်နှာ ၊
_c၁၈ စင်တီ။
500 _aS-SAT: Dr. Sai Aung Tun
650 _aဝိပဿနာ
942 _2ddc
_cBK1
999 _c16645
_d16645